000 00419nam a2200181Ia 4500
005 20240823010937.0
008 240823s9999||||xx |||||||||||||| ||und||
041 _aENGLISH
082 _A613.2 P1
100 _aShakuntala Devi
245 4 _aThe Book of Numbers
250 _a1st
260 _c2001
_b"Orient,New Delhi"
500 _aTransfered
650 _aMATHS
_bMathematics
942 _cBK
999 _c160092
_d160092